[Event "Titled Tuesday intern op 20th Jun Early"]
[Site "Chess.com INT"]
[Date "2023.06.20"]
[Round "8"]
[White "Sai, Han Thiha"]
[Black "Ilkhomi, Jaloliddin"]
[Result "1-0"]
[WhiteElo "2070"]
[BlackElo "1994"]
[PlyCount "149"]
[EventDate "2023.06.20"]
[EventType "swiss (blitz)"]
[EventRounds "11"]
[EventCountry "USA"]
[SourceTitle "EXT 2024"]
[Source "ChessBase"]
[SourceDate "2023.10.10"]
[SourceVersion "1"]
[SourceVersionDate "2023.10.10"]
[SourceQuality "1"]

1. d4 Nf6 2. Nf3 e6 3. c4 b6 4. g3 Bb7 5. Bg2 Be7 6. 0-0 0-0 7. Nc3 Ne4 8. Bd2 f5 9. Be1 d6 10. Qd3 Nd7 11. Nd2 Nxd2 12. Bxd2 Bxg2 13. Kxg2 Nf6 14. e4 Qd7 15. exf5 exf5 16. Rae1 Rae8 17. d5 Ng4 18. Nb5 Bf6 19. Bc3 Bxc3 20. Qxc3 f4 21. gxf4 Rxe1 22. Rxe1 Rxf4 23. f3 Ne5 24. Rxe5 dxe5 25. Qxe5 Rf7 26. Nxa7 h6 27. Nc6 Rf6 28. Ne7+ Kf7 29. Nc6 Rg6+ 30. Kf2 Qd6 31. Qxd6 cxd6 32. a4 Ke8 33. b4 Kd7 34. a5 bxa5 35. bxa5 Kc7 36. f4 Rg4 37. Kf3 Rg1 38. Nd4 Kb7 39. Ke4 Ka6 40. Nf5 Rg6 41. Ne7 Rf6 42. Nc6 g5 43. f5 h5 44. c5 dxc5 45. Ke5 Rf8 46. f6 c4 47. Ke6 c3 48. Nd4 Kxa5 49. Ke7 Rc8 50. f7 g4 51. d6 h4 52. d7 Rc4 53. d8Q+ Kb4 54. f8Q c2 55. Ke6+ Kc3 56. Nxc2 Kxc2 57. Qf2+ Kb3 58. Qe3+ Rc3 59. Qdb6+ Kc2 60. Qxc3+ Kxc3 61. Qe3+ Kc4 62. Qe4+ Kc3 63. Qxg4 h3 64. Qxh3+ Kd4 65. Qg4+ Ke3 66. Ke5 Kf2 67. Qg3+ Kf1 68. h4 Ke2 69. h5 Kd2 70. Ke4 Kc2 71. h6 Kc1 72. Qg2 Kb1 73. h7 Kc1 74. h8R Kb1 75. Rh1# 1-0